[Event "Saarbruecken-chT U20"]
[Site "Saarbruecken"]
[Date "2006.11.24"]
[Round "6.8"]
[White "Rosenfeld, Elisabeth"]
[Black "Schaetz, Annika"]
[Result "0-1"]
[WhiteElo "1291"]
[BlackElo "1577"]
[PlyCount "70"]
[EventDate "2006.11.??"]
[EventType "team"]
[EventRounds "7"]
[EventCountry "GER"]
[SourceTitle "EXT 2008"]
[Source "ChessBase"]
[SourceDate "2007.11.25"]
[SourceVersion "1"]
[SourceVersionDate "2007.11.25"]
[SourceQuality "1"]

1. e4 c5 2. Nf3 d6 3. d4 cxd4 4. Nxd4 Nf6 5. Nc3 g6 6. Be3 Bg7 7. f3 0-0 8. Qd2 Nc6 9. 0-0-0 Nxd4 10. Bxd4 Be6 11. g4 Qa5 12. h4 h5 13. gxh5 Nxh5 14. Bxg7 Kxg7 15. Be2 Bxa2 16. Qd4+ Kg8 17. Rdf1 Ng3 18. Qe3 Be6 19. Rfg1 Nxh1 20. Qh6 Qe5 21. f4 Qg7 22. Qg5 f6 23. Qg2 Qh6 24. Kb1 Kh8 25. h5 gxh5 26. Bxh5 Rg8 27. Bg4 Rxg4 28. Rxh1 Rxg2 29. Rxh6+ Kg7 30. Rh1 Rh8 31. Re1 Rhh2 32. Rc1 f5 33. e5 dxe5 34. fxe5 f4 35. Nd1 Bf5 0-1

[Event "Saarbruecken-chT U20"]
[Site "Saarbruecken"]
[Date "2006.11.22"]
[Round "3.8"]
[White "Schaetz, Annika"]
[Black "Schaefer, Daniela"]
[Result "1-0"]
[WhiteElo "1577"]
[BlackElo "1450"]
[PlyCount "111"]
[EventDate "2006.11.??"]
[EventType "team"]
[EventRounds "7"]
[EventCountry "GER"]
[SourceTitle "EXT 2008"]
[Source "ChessBase"]
[SourceDate "2007.11.25"]
[SourceVersion "1"]
[SourceVersionDate "2007.11.25"]
[SourceQuality "1"]

1. e4 d6 2. d4 g6 3. Nc3 Bg7 4. Be3 Nf6 5. h3 0-0 6. Qd2 e5 7. dxe5 dxe5 8. 0-0-0 Qxd2+ 9. Rxd2 Nc6 10. Bc4 Na5 11. Be2 Be6 12. g4 Rfd8 13. Rxd8+ Rxd8 14. g5 Ne8 15. h4 Nd6 16. b3 Nc6 17. Nh3 a6 18. f3 Nd4 19. Nf2 c6 20. Nd3 N6b5 21. Bxd4 Nxd4 22. Nc5 Bc8 23. Rd1 b6 24. Nd3 b5 25. Rd2 h6 26. f4 exf4 27. Nxf4 Nxe2+ 28. Ncxe2 Rxd2 29. Kxd2 Bg4 30. Ng3 Be5 31. Nge2 hxg5 32. hxg5 Kf8 33. Nd3 Bd6 34. Nf2 Bd7 35. Ke3 Ke7 36. Kf3 Bc5 37. Ng4 Bxg4+ 38. Kxg4 Ke6 39. Kf4 Bb6 40. Nc3 Bc7+ 41. Kf3 Ke5 42. Ke3 Bd8 43. Ne2 Bxg5+ 44. Kd3 f5 45. exf5 gxf5 46. Nd4 c5 47. Nf3+ Kf4 48. Ke2 Kg3 49. Nxg5 Kg2 50. Ne6 c4 51. bxc4 bxc4 52. Ke3 Kg3 53. c3 Kg4 54. a4 a5 55. Kd4 f4 56. Nxf4 1-0

[Event "Saarbruecken-chT U20"]
[Site "Saarbruecken"]
[Date "2006.11.21"]
[Round "2.8"]
[White "Schultheiss, Vera"]
[Black "Schaetz, Annika"]
[Result "1/2-1/2"]
[WhiteElo "1481"]
[BlackElo "1577"]
[PlyCount "50"]
[EventDate "2006.11.??"]
[EventType "team"]
[EventRounds "7"]
[EventCountry "GER"]
[SourceTitle "EXT 2008"]
[Source "ChessBase"]
[SourceDate "2007.11.25"]
[SourceVersion "1"]
[SourceVersionDate "2007.11.25"]
[SourceQuality "1"]

1. e4 c5 2. Nf3 d6 3. d4 cxd4 4. Nxd4 Nf6 5. Nc3 g6 6. f3 Bg7 7. Be3 0-0 8. Qd2 Nc6 9. 0-0-0 Nxd4 10. Bxd4 Be6 11. Kb1 Re8 12. g4 Qa5 13. Nd5 Qxd2 14. Nxf6+ Bxf6 15. Rxd2 Bxd4 16. Rxd4 Rab8 17. Bc4 Bxc4 18. Rxc4 b5 19. Rd4 Rec8 20. h4 Rc5 21. Rhd1 Rbc8 22. c3 a5 23. Rd5 Rxd5 24. Rxd5 Rb8 25. a4 Kf8 1/2-1/2

[Event "GER-ch U12"]
[Site "Willingen"]
[Date "2006.06.07"]
[Round "7"]
[White "Schaetz, Annika"]
[Black "Grzeca, Pascal"]
[Result "0-1"]
[WhiteElo "1406"]
[BlackElo "1359"]
[PlyCount "100"]
[EventDate "2006.06.03"]
[EventType "swiss"]
[EventRounds "11"]
[EventCountry "GER"]
[SourceTitle "EXT 2007"]
[Source "ChessBase"]
[SourceDate "2006.11.23"]
[SourceVersion "1"]
[SourceVersionDate "2006.11.23"]
[SourceQuality "1"]

1. e4 c6 2. d4 d5 3. exd5 cxd5 4. c4 e6 5. Nf3 Nf6 6. c5 Nc6 7. Nc3 Be7 8. Bd3 Qc7 9. 0-0 0-0 10. Bg5 a6 11. a3 h5 12. Re1 Re8 13. b4 g6 14. Bc2 Bd7 15. Qd3 Nh7 16. Bxe7 Nxe7 17. Nh4 Qf4 18. Nf3 Qc7 19. a4 b6 20. Ne5 Reb8 21. Rab1 Be8 22. Re3 Nf5 23. Ree1 Nf6 24. Qd2 Ne7 25. h3 Kg7 26. Rec1 a5 27. cxb6 Qxb6 28. bxa5 Qxa5 29. Qd3 Nf5 30. Qd2 Nd6 31. Rxb8 Rxb8 32. Qe1 Rc8 33. Bb3 Nde4 34. Nxe4 Qxe1+ 35. Rxe1 Nxe4 36. a5 Ra8 37. Ra1 Bb5 38. f3 Ng3 39. Kf2 Nf5 40. g4 hxg4 41. fxg4 Nxd4 42. Bd1 Kf6 43. Nf3 Nc6 44. Bc2 Rxa5 45. Rb1 Ra2 46. Rxb5 Rxc2+ 47. Kg3 Rc3 48. Kf2 Rxf3+ 49. Kxf3 Nd4+ 50. Kf4 Nxb5 0-1

[Event "GER-ch U12"]
[Site "Willingen"]
[Date "2006.06.03"]
[Round "1"]
[White "Friedrich, Wiede"]
[Black "Schaetz, Annika"]
[Result "1-0"]
[WhiteElo "1933"]
[BlackElo "1406"]
[PlyCount "61"]
[EventDate "2006.06.03"]
[EventType "swiss"]
[EventRounds "11"]
[EventCountry "GER"]
[SourceTitle "EXT 2007"]
[Source "ChessBase"]
[SourceDate "2006.11.23"]
[SourceVersion "1"]
[SourceVersionDate "2006.11.23"]
[SourceQuality "1"]

1. e4 c5 2. Nf3 d6 3. d4 cxd4 4. Nxd4 Nf6 5. Nc3 g6 6. Be3 Bg7 7. f3 0-0 8. Qd2 Nc6 9. 0-0-0 Nxd4 10. Bxd4 Be6 11. g4 Rc8 12. Kb1 Qd7 13. h4 b5 14. h5 b4 15. Nd5 Bxd5 16. exd5 Rfe8 17. hxg6 fxg6 18. g5 Nh5 19. Bh3 Qc7 20. Be6+ Kh8 21. Bxc8 Rxc8 22. f4 Qd7 23. Bxg7+ Nxg7 24. Qxb4 Qf5 25. Rh2 Qd7 26. Qe4 Qe8 27. Rdh1 Nh5 28. f5 Qf7 29. fxg6 Qxg6 30. Qg4 Rf8 31. Rxh5 1-0